Visualizzazione normale
Vista MARC
- PSICOLOGICO
di Topical Term
Records bibliografici associati: 1
001 - CONTROL NUMBER
- control field: 45899
003 - CONTROL NUMBER IDENTIFIER
- control field: IT-RoPau
005 - DATE AND TIME OF LATEST TRANSACTION
- control field: 20151129212828.0
008 - FIXED-LENGTH DATA ELEMENTS
- fixed length control field: 151129|| aca||aabn | a|a d
040 ## - CATALOGING SOURCE
- Original cataloging agency: IT-RoPau
- Transcribing agency: IT-RoPau
150 ## - HEADING--TOPICAL TERM
- Topical term or geographic name entry element: PSICOLOGICO
- : FILMS [DVD]
- General subdivision: Codice MATERIA SPICS: 9960
670 ## - SOURCE DATA FOUND
- Source citation: Work cat.: (IT-RoPau)106248: Bergman Ingmar Codice regista SPICS: 9304 34076, POSTO DELLE FRAGOLE (IL) POSTO DELLE FRAGOLE (IL) (Rif. Codice opera principale : H1310)